000 nam a22 7a 4500
999 _c10053
_d10053
008 180209b ||||| |||| 00| 0 eng d
100 _aKumar, T
_96078
245 _aGoyal School Atlas
260 _aNew Delhi
_bGoyal Publication
_c2004